Statystyki dla Wszyscy goście w piosenkach Taco Hemingwaya.

Kliknij tutaj aby rozwiązać quiz!

Ogólne statystyki

  • Ten quiz został rozwiązany 205 razy
  • Średni wynik to 13 z 19

Statystyki odpowiedzi

PiosenkaWykonawca% Poprawnych
Europa, 8 kobiet (Remix)Bedoes
99%
W PIĄTKI LEŻĘ W WANNIE, SANATORIUM, Tamagotchi (Remix)Dawid Podsiadło
95%
TIJUANAKizo
82%
ALERT RCBSchafter
82%
WWA Nie BerlinSzpaku
79%
Pieniądz i TerrorOki
76%
PokedexOtsochodzi
75%
Łańcuch I: Kiosk, Łańcuch II: Korek, Łańcuch III: KorpoArtur Rojek
73%
ANTYSMOGOWA MASKA W MOIM CARRY-ON BAGGAGEPezet
73%
Moje demony uciekły na urlopBiałas
72%
Nie Mam CzasuCatchUp
69%
Ekodiesel (Remix)Paluch
68%
SANATORIUMRosalie
66%
InfluenzaGruby Mielzky
63%
VISA (Remix)KęKę
59%
Na Paryskie Getto Pada DeszczBorucci
53%
WWA VHSRas
48%
Wiem (Remix)Kaz Bałagane
45%
1990s UtopiaKatarzyna Kowalczyk
13%

Rozkład punktacji

Percentyl według liczby udzielonych odpowiedzi

Procent ludzi z każdym wynikiem

Twoja historia wyników

Nie rozwiązałeś tego quizu